Psychology of the Korean people : collectivism and individualism.
| Other Authors: | , |
|---|---|
| Format: | Book |
| Published: |
Seoul:
Dong-A,
1994.
|
| Subjects: |
| LEADER | 00494cam a2200169 7i4500 | ||
|---|---|---|---|
| 001 | 0000005070 | ||
| 005 | 19991025090000.0 | ||
| 002 | ##000006657 | ||
| 020 | 0 | 0 | |a 89-00-03374-3 |
| 090 | 0 | 0 | |a KORS 155.84 |b PSY |
| 245 | 0 | 0 | |a Psychology of the Korean people : |b collectivism and individualism. |
| 260 | 0 | 0 | |a Seoul: |b Dong-A, |c 1994. |
| 300 | 0 | 0 | |a 400 p.. |
| 650 | 0 | 0 | |a Psychology -- |z Korea |
| 700 | 1 | 1 | |a Gene, |h Yoon |
| 700 | 1 | 1 | |a Sang, |h Chin Choi |
| 999 | |a 0000007963 |b Book |c Open shelf |e Business Information Centre | ||


